|
|
|
|
| LEADER |
00000nam a2200000 a 4500 |
| 001 |
vtls001295178 |
| 003 |
SK-MaSNL |
| 005 |
20260301004719.0 |
| 008 |
251113s1995 xo b yd 0 slo |
| 015 |
|
|
|a SNBE1998/01-00487
|
| 020 |
|
|
|a 8088804590
|
| 035 |
|
|
|a SNK000246988
|
| 040 |
|
|
|a SNK
|b slo
|c SNK
|e AACR2
|
| 041 |
0 |
|
|a slo
|
| 044 |
|
|
|a xo
|c SK
|
| 080 |
|
|
|a 908.437.617(083.9)
|2 1981
|
| 080 |
|
|
|a 943.76
|2 1981
|
| 100 |
1 |
|
|a Reško, Alexander
|4 aut
|9 12942
|
| 245 |
1 |
0 |
|a Komárno
|c Alexander Reško ; foto: Bíro Béla a zo zbierky Mariana Rešku
|
| 260 |
|
|
|a Komárno
|b Komárňanské tlačiarne a vydavateľstvo
|c 1995
|
| 300 |
|
|
|a 16 s.
|b čiernobiele a fareb., fotogr., mp.
|c 17x12 cm
|
| 490 |
1 |
|
|a Malá vlastivedná knižnica
|v č. 1
|
| 500 |
|
|
|a 5000 výt.
|
| 504 |
|
|
|a Biogr. údaje. Obs. bibliogr.
|
| 650 |
0 |
7 |
|a dejiny miest
|2 SNKPH
|9 164833
|
| 651 |
|
7 |
|a Komárno (Slovensko : okres)
|2 SNKPH
|9 15954
|
| 651 |
|
7 |
|a Komárno (Slovensko)
|2 SNK
|9 39168
|
| 655 |
|
7 |
|a informačné publikácie
|2 SNK
|9 70181
|
| 700 |
1 |
|
|a Bíró, Béla
|4 fot
|9 42914
|
| 700 |
1 |
|
|a Reško, Marian
|4 fot
|9 46510
|
| 830 |
|
0 |
|a Malá vlastivedná knižnica
|9 276523
|
| 919 |
|
|
|a 80-88804-59-0
|
| 958 |
|
|
|a TL
|
| 958 |
|
|
|a BQ
|
| 958 |
|
|
|a BX
|
| 999 |
|
|
|c 542939
|d 544869
|
| 952 |
|
|
|t P60, <09>, [BOOK], {629}
|a SNK
|b SNK
|y NEVYP
|7 0
|o snkD 535
|i snk3679/970728
|0 0
|1 0
|4 0
|d 1997-07-23
|l 0
|r 2005-01-02 00:00:00
|w 2026-02-23
|
| 952 |
|
|
|t P60, <03>, [BOOK], {603}
|a SNK
|b SNK
|y PREZ
|7 0
|p 17A0085986
|o snkOSD 8003
|i snkKSP 7973/97
|0 0
|1 0
|4 0
|d 1997-07-23
|l 0
|r 2005-01-02 00:00:00
|w 2026-02-23
|
| 952 |
|
|
|t P60, <04>, [BOOK], {604}
|a SNK
|b SNK
|y VYP
|7 0
|p 17A0085985
|o snkOSD 8003 D1
|i snkKSP 7974/97
|0 0
|1 0
|4 0
|d 1997-07-23
|l 0
|r 2005-01-02 00:00:00
|w 2026-02-23
|